| 000 | 00915cab a2200193 4500 | ||
|---|---|---|---|
| 001 | ABS37258 | ||
| 008 | 090401t1986 xxu||||| |||| 00| 0 eng d | ||
| 035 | _a(Sirsi) u3302 | ||
| 041 | _aeng | ||
| 100 | _aSmith, D. | ||
| 245 | _aBritish Isles Shopping Centre Review | ||
| 260 | _c1986 | ||
| 350 | _a0 | ||
| 490 |
_aShopping Centre Horizons _v(7) Autumn 1986,11-14 (4) |
||
| 520 | _aA paper presented at the ICSC European Conference in the Hague,April 1986,outlining trends in the British shopping centre market. Includes an examination of the location decisions of shopping centre developers, design qualities, mix of retailers in a centre, range of services and facilities offered and quality of property management . Illustrated by shopping centres opened in the last 12 months in the United Kingdom and Republic of Ireland . | ||
| 690 | _aPROPERTY-COMMERCIAL PROPERTY | ||
| 942 | _n0 | ||
| 948 | _c04/03/1997 | ||
| 999 |
_c2016 _d2016 |
||